The world on trial: (Record no. 5715)

000 -LEADER
fixed length control field 00606nam a2200181 a 4500
001 - CONTROL NUMBER
control field :::00003457$&:&@@
003 - CONTROL NUMBER IDENTIFIER
control field OkBaRHE
005 - DATE AND TIME OF LATEST TRANSACTION
control field 20000607103305.0
008 - FIXED-LENGTH DATA ELEMENTS--GENERAL INFORMATION
fixed length control field s1970 j 000 0 eng u
040 ## - CATALOGING SOURCE
Transcribing agency
100 1# - MAIN ENTRY--PERSONAL NAME
Personal name DeHaan, Richard W.
245 14 - TITLE STATEMENT
Title The world on trial:
Remainder of title studies in Romans.
260 ## - PUBLICATION, DISTRIBUTION, ETC. (IMPRINT)
Place of publication, distribution, etc Grand Rapids, MI., :
Name of publisher, distributor, etc Zondervan Publishing House
Date of publication, distribution, etc 1970
300 ## - PHYSICAL DESCRIPTION
Extent 192 p. ;
Dimensions 22 cm.
650 ## - SUBJECT ADDED ENTRY--TOPICAL TERM
Topical term or geographic name as entry element Bible New Testament Romans
General subdivision Criticism, Interpretation, etc.
942 ## - ADDED ENTRY ELEMENTS (KOHA)
Source of classification or shelving scheme
Koha item type Books
Copies
Copy number Date acquired Shelving location Lost status Barcode Source of classification or shelving scheme Not for loan Price effective from Permanent Location Koha item type Withdrawn status Date last seen Damaged status Full call number
12010-04-14General Stacks 3457  2010-04-14RHEMA Bible Training CollegeBooks 2018-03-28 BS 2665.2 .D43